Arthanaitik unnayan aru parikalpana. (Record no. 1395)

MARC details
000 -LEADER
fixed length control field 00522cam a2200193ua 4500
008 - FIXED-LENGTH DATA ELEMENTS--GENERAL INFORMATION
fixed length control field 110711n ii |||gr||||Z||||||asm
040 ## - CATALOGING SOURCE
Transcribing agency MAIN
082 ## - DEWEY DECIMAL CLASSIFICATION NUMBER
Classification number 338.9
100 12 - MAIN ENTRY--PERSONAL NAME
Personal name Borgohain, Karuna Kanta.,
245 1# - TITLE STATEMENT
Title Arthanaitik unnayan aru parikalpana.
Statement of responsibility, etc. By Karuna Kanta Borgohain.
250 ## - EDITION STATEMENT
Edition statement 1st.
260 ## - PUBLICATION, DISTRIBUTION, ETC.
Place of publication, distribution, etc. Dibrugarh:
Name of publisher, distributor, etc. Banalata.,988.
300 ## - PHYSICAL DESCRIPTION
Extent 220 p.:
Dimensions 23 cm.
700 1# - ADDED ENTRY--PERSONAL NAME
Personal name Phukan, Ranjan Kumar.,
942 ## - ADDED ENTRY ELEMENTS (KOHA)
Koha item type Books
653 ## - INDEX TERM--UNCONTROLLED
Uncontrolled term Economics.
653 ## - INDEX TERM--UNCONTROLLED
Uncontrolled term Arthanaitik unnayan aru parikalpana.
Holdings
Withdrawn status Lost status Damaged status Not for loan Home library Current library Shelving location Date acquired Total Checkouts Full call number Barcode Date last seen Copy number Price effective from Koha item type
        Central Library, Naharkatiya College Central Library, Naharkatiya College General Stacks 19/09/2020   338.9 | BOR 2773 19/09/2020 2 19/09/2020 Books
        Central Library, Naharkatiya College Central Library, Naharkatiya College General Stacks 19/09/2020   338.9 | BOR 2775 19/09/2020 1 19/09/2020 Books
        Central Library, Naharkatiya College Central Library, Naharkatiya College General Stacks 19/09/2020   338.9 | BOR 2777 19/09/2020 3 19/09/2020 Books

Naharkatiya College © 2020. All rights reserved.

Powered By